000 01671cam a2200373 a 4500
001 15107872
003 OSt
005 20150408114024.0
008 071210s2008 nyua 001 0 eng
010 _a 2007050326
020 _a9780521885188 (hdbk.)
020 _a0521885183 (hdbk.)
020 _a9780521712354 (pbk.)
020 _a0521712351 (pbk.)
035 _a(OCoLC)183392751
040 _aDLC
_cDLC
_dDLC
050 0 0 _aQA76.73.B3
_bB335 2008
082 0 0 _a005.2768
_222
100 1 _aBai, Ying,
_d1956-
_913489
245 1 0 _aPractical database programming with Visual Basic.NET /
_cYing Bai, Satish Bhalla.
260 _aNew York :
_bCambridge University Press,
_c2008.
300 _axxix, 796 p. :
_bill. ;
_c26 cm.
500 _aIncludes index.
505 0 _aIntroduction -- Introduction to databases -- Introduction to ADO.NET -- Data selection query with Visual Basic.NET -- Data insertion with Visual Basic.NET -- Data updating and deleting with Visual Basic.NET -- Accessing data in ASP.NET -- ASP.NET web services.
630 0 0 _aMicrosoft Visual BASIC.
650 0 _aBASIC (Computer program language)
_94046
650 0 _aMicrosoft .NET.
650 0 _aDatabase design.
_94856
856 4 2 _3Contributor biographical information
_uhttp://www.loc.gov/catdir/enhancements/fy0809/2007050326-b.html
856 4 2 _3Publisher description
_uhttp://www.loc.gov/catdir/enhancements/fy0809/2007050326-d.html
856 4 1 _3Table of contents only
_uhttp://www.loc.gov/catdir/enhancements/fy0809/2007050326-t.html
942 _2ddc
_cBOOK
999 _c22203
_d256703